ARRUPE JESUIT UNIVERSITY

CORONAVIRUS -STOP THE SPREAD - CLEAN,DISINFECT,COVER

Nogreater love (Record no. 130421)

MARC details
000 -LEADER
fixed length control field 00416nam a22001337a 4500
008 - FIXED-LENGTH DATA ELEMENTS--GENERAL INFORMATION
fixed length control field 200318b ||||| |||| 00| 0 eng d
050 ## - LIBRARY OF CONGRESS CALL NUMBER
Classification number BR1607.C752
100 ## - MAIN ENTRY--PERSONAL NAME
Personal name Connelly, Roland
9 (RLIN) 49702
245 ## - TITLE STATEMENT
Title Nogreater love
Remainder of title the Martyrs of the Middlesbrough diocese
Statement of responsibility, etc Roland Connelly
260 ## - PUBLICATION, DISTRIBUTION, ETC. (IMPRINT)
Place of publication, distribution, etc Essex
Name of publisher, distributor, etc McCrimmons
Date of publication, distribution, etc 1987
300 ## - PHYSICAL DESCRIPTION
Extent 192p. ;
Dimensions 21cm.
650 ## - SUBJECT ADDED ENTRY--TOPICAL TERM
Topical term or geographic name as entry element Martyrs
Geographic subdivision Great Britain
9 (RLIN) 49703
942 ## - ADDED ENTRY ELEMENTS (KOHA)
Source of classification or shelving scheme Library of Congress Classification
Item type Monograph ( Printed materials)
Holdings
Withdrawn status Lost status Source of classification or shelving scheme Damaged status Not for loan Collection code Home library Current library Shelving location Date acquired Total Checkouts Full call number Barcode Date last seen Price effective from Koha item type
    Library of Congress Classification     Main Collection ARRUPE LIBRARY ARRUPE LIBRARY Main Collection 18/03/2020   BR1607.C752 46600006849 18/03/2020 18/03/2020 Monograph ( Printed materials)

 

Arrupe Library. PO Box MP320 Mt Pleasant, Harare, Zimbabwe
263 242 745411|librarian@aju.ac.zw